000 00739nas a2200229 4500
001 BR0203032
003 BR-BrBNA
005 20231205103027.0
007 ta
008 230509b bl.|||p| |||| 00| 00por d
040 _aBR-BrBNA
_bpor
_cBiblioteca Nacional de Agricultura
041 _a(Pt)
072 _aE11
100 1 _aAhlert, L.
245 1 _aEstratégias competitivas para a pequena propriedade rural
650 _aPROPRIEDADE RURAL
650 _aDESENVOLVIMENTO SUSTENTÁVEL
650 _aPEQUENO PRODUTOR
773 0 _tEstudo e Debate - Unidade Integrada Vale do Taquari de Ensino Superior (Brazil)
_xISSN 0104-7132
_g(2001), v. 8(1) p. 7-48
_wBR0203032
909 _a202311
_bLúcia
_c55
_dLúcia Elande
942 _2AGRIS
_n0
_cANA
999 _c170659
_d170659